[Event "SCG-chT Vojvodina"]
[Site "Sombor"]
[Date "2004.10.01"]
[Round "9.4"]
[White "Stojanovic, Dalibor"]
[Black "Sarvak, Jozef"]
[Result "1-0"]
[WhiteElo "2441"]
[BlackElo "2129"]
[PlyCount "83"]
[EventDate "2004.09.25"]
[EventType "team"]
[EventRounds "11"]
[EventCountry "YUG"]
[SourceTitle "CBM 102 Extra"]
[Source "ChessBase"]
[SourceDate "2004.11.03"]
[SourceVersion "1"]
[SourceVersionDate "2004.11.03"]
[SourceQuality "1"]
[WhiteTeam "01"]
[BlackTeam "12"]
[WhiteTeamCountry "YUG"]
[BlackTeamCountry "YUG"]

1. e4 c6 2. d4 d5 3. Nd2 dxe4 4. Nxe4 Nd7 5. Ng5 Ndf6 6. Bc4 e6 7. Ne2 h6 8. Nf3 Bd6 9. Be3 Qc7 10. Qd3 Ne7 11. Bb3 b6 12. c4 c5 13. Ba4+ Bd7 14. Bxd7+ Nxd7 15. 0-0 0-0 16. Nc3 a6 17. Ne4 Rfd8 18. Rad1 Nf5 19. d5 e5 20. Nxd6 Nxd6 21. Nd2 f5 22. f3 Nf6 23. Rde1 Rf8 24. Qc3 Rae8 25. Bf2 Nd7 26. Re2 b5 27. b3 bxc4 28. bxc4 Rb8 29. a3 Rb7 30. Nb3 Rfb8 31. Na5 Rb1 32. Rfe1 f4 33. Nc6 R8b3 34. Qc2 Rxe1+ 35. Rxe1 Rxa3 36. Qg6 Nf8 37. Qh5 Nxc4 38. Bxc5 Rb3 39. Qe8 Rb7 40. Qxf8+ Kh7 41. Qf5+ Kh8 42. Qe4 1-0